معايير تقييم جدوى المشاريع الاستثمارية الخاصة و تطبيقاتها المعاصرة فى الاقتصاد الاسلامى
Saved in:
| 主要作者: | |
|---|---|
| 其他作者: | |
| 格式: | Thesis |
| 語言: | Arabic |
| 出版: |
اربد، الأردن
: جامعة اليرموك، كلية الشريعة والدراسات الاسلامية،
1991
|
| 主題: | |
| 標簽: |
添加標簽
沒有標簽, 成為第一個標記此記錄!
|
| LEADER | 014130000a22003010004500 | ||
|---|---|---|---|
| 001 | 80071 | ||
| 005 | 20080403114000.0 | ||
| 008 | 940226s1991 ara | ||
| 035 | |a 301170 | ||
| 035 | |a (Sirsi) 80071 | ||
| 040 | |a UIAM |b eng | ||
| 049 | |b m | ||
| 050 | |a HD30.24 | ||
| 100 | 1 | |a مصرى، مأمون صلاح سليمان | |
| 242 | 1 | 0 | |a Ma'ayir taqyim jadwa al-mashari' al-istithmariyat al-khassah wa tatbiqatuha al-mu'asirah fi al-iqtisad al-Islami / |c i'dad Ma'mun Salah Sulayman al-Misri; ishraf Qasim al-Humuri, Zakariya al-Qudah |
| 245 | 1 | 0 | |a معايير تقييم جدوى المشاريع الاستثمارية الخاصة و تطبيقاتها المعاصرة فى الاقتصاد الاسلامى |
| 260 | 1 | |a اربد، الأردن |b : جامعة اليرموك، كلية الشريعة والدراسات الاسلامية، |c 1991 | |
| 300 | |a 217, 7 p. | ||
| 502 | |a (M.A.)--Jami'at al-Yarmuk, Kulliyat al-Shari'ah wa al-Dirasat al-Islamiyah, 1991 | ||
| 596 | |a 1 | ||
| 650 | 0 | |a Feasibility studies | |
| 650 | 0 | |a Investments |z Islamic countries | |
| 650 | 0 | |a Investments |x Moral and ethical aspects | |
| 655 | 0 | 7 | |a Theses, non-IIUM |
| 700 | 1 | |a Misri, Ma'mun Salah Sulayman | |
| 900 | |a abu-khs-naw | ||
| 999 | |c 430407 |d 461898 | ||
| 952 | |0 0 |6 T HD 000030.24 M678M 1991 |7 0 |8 THESES |9 749661 |a IIUM |b IIUM |c MULTIMEDIA |g 0.00 |o t HD30.24M678M 1991 |p 00000301177 |r 2017-10-19 |t 1 |v 0.00 |y THESIS | ||
